The postcololonial mind : (Record no. 75103)

MARC details
000 -LEADER
fixed length control field 00687nam a22002057a 4500
005 - DATE AND TIME OF LATEST TRANSACTION
control field 20130529130340.0
010 ## - LCCN (DPL NO)
LC control number ENG-106976
020 ## - INTERNATIONAL STANDARD BOOK NUMBER
International Standard Book Number 9780198078517
Terms of availability 695.00
020 ## - INTERNATIONAL STANDARD BOOK NUMBER
International Standard Book Number 019807851x
Terms of availability 695.00
035 ## - SYSTEM CONTROL NUMBER
System control number EN-90509
037 ## - SOURCE OF ACQUISITION
Source of stock number/acquisition DBAD/PUB
082 ## - DEWEY DECIMAL CLASSIFICATION NUMBER
Classification number 840.08
100 1# - MAIN ENTRY--PERSONAL NAME
Personal name Farooqi, Mehr Afshan
245 10 - TITLE STATEMENT
Title The postcololonial mind :
Statement of responsibility, etc by Mehr Afshan Farooqi
Remainder of title Urdu culture,Islam, and modernity in Muhammad Hasan Askari /
260 ## - PUBLICATION, DISTRIBUTION, ETC. (IMPRINT)
Place of publication, distribution, etc New Delhi
Name of publisher, distributor, etc Oxford University Press
Date of publication, distribution, etc 2012
270 ## - ADDRESS
Address YMCA Library Building, 1 Jai Singh Road
City New Delhi
Postal code 110001
300 ## - PHYSICAL DESCRIPTION
Extent xv,319p.:
Dimensions 22cm(pbk)
Other physical details ill.
500 ## - GENERAL NOTE
General note Includes index
942 ## - ADDED ENTRY ELEMENTS (KOHA)
Source of classification or shelving scheme Dewey Decimal Classification
Item type English Books
Call number suffix FAR
Classification part 840.08
Holdings
Withdrawn status Lost status Not for loan Collection code Home library Current library Date acquired Source of acquisition Cost, normal purchase price Full call number Barcode Copy number Cost, replacement price Koha item type
    Not For Loan Non-fiction D.B.Act.Division D.B.Act.Division 03/05/2013 DBAD/PUB 695.00 840.08 FAR EN-90509 1 695.00 English Books

© Delhi Public Library
Hit Counter
free hit counter